Singa vegetarian

Bibliographic Details
Main Author: Khadijah Hashim
Format: Book
Published: Selangor : 'K' Publishing , 2006
Series:Siri teladan dari rimba
Subjects:

MARC

LEADER 00000cam a2200000 7i4500
001 0000004641
005 20220105104004.0
008 070730
020 |a 9838524530 
090 0 0 |a JP   |b ANM MAL (3967) 
100 0 |a Khadijah Hashim 
245 1 0 |a Singa vegetarian   |c Khadijah Hashim 
260 |a Selangor :   |b 'K' Publishing ,   |c 2006 
440 |a Siri teladan dari rimba 
500 |a Children age 4-6 years old (yellow) 
650 0 |a Animal   |x Fiction 
650 0 |a Children's stories 
999 |a 0000976627   |b Book   |c Children Collection   |e Cawangan Taman Sri Lambak 
999 |a 0000976628   |b Book   |c Children Collection   |e Perbadanan Perpustakaan Awam Johor 
999 |a 0000976629   |b Book   |c Children Collection   |e Perbadanan Perpustakaan Awam Johor 
999 |a 0000976630   |b Book   |c Children Collection   |e Cawangan Taman Universiti 
999 |a 0000976631   |b Book   |c Children Collection   |e Perbadanan Perpustakaan Awam Johor 
999 |a 0000979060   |b Book   |c Children Collection   |e Cawangan Segamat 
999 |a 0000979062   |b Book   |c Children Collection   |e Cawangan Tangkak